• 首页
  • 本馆介绍
  • 公告通知
  • 最新文献
  • 馆藏检索
  • 电子资源
  • 读者导购
  • 参考咨询
  • 我的图书馆
  • 登录
  • 详细信息显示
  • 放入我的书架
  • 预约/预借图书
  • 作者相关作品
  • 分类相关作品
  • 丛书相关作品
  • 出版社相关作品

书目信息

  • 表格格式
  • 工作单格式
  • 卡片格式
题名:
一生
    
 
作者: 吴冠英 绘
分册:  
出版信息: 北京   人民美术出版社  1984
页数: 246页
开本: 25cm
丛书名:
单 册:
中图分类: J228.5 , I565.44
科图分类:
主题词: 插图--中国--现代--画册 , 文学
电子资源:
ISBN:
000 00682nam0 2200253 45
001 1570839942
005 20170927111601.32
010    @b折装@dCNY0.99
091    @aCN@b8027.9020
100    @a19950728d1984 em y0chiy0121 ea
101 0  @achi
102    @aCN@b110000
105    @aa t 000yy
200 10 @a一生@Ayi sheng@e吴冠英插图作品@f吴冠英绘
210    @a北京@c人民美术出版社@d1984
215    @a246页@d25cm
517 1  @a吴冠英插图作品@Awu guan ying cha tu zuo pin
606    @a插图@y中国@z现代@x画册
606 0  @a文学
690    @aJ228.5@v3
690    @aI565.44@v4
701  0 @a吴冠英@Awu guan ying@4绘
801  0 @aCN@bTSSF@c20150128
905    @aZUCC@dI565.44@eJY70
    
    一生:吴冠英插图作品/吴冠英绘.-北京:人民美术出版社,1984
    246页;25cm
    
    
    ISBN (折装):CNY0.99
    
●
相关链接 在E读中查询图书 在五车中查询图书 在当当中查询图书 在豆瓣中查询图书


正题名:一生     索取号:I565.44/JY70         预约/预借

序号 登录号 条形码 馆藏地/架位号 状态 备注
1 7842731   278427310   学院路分馆/ [索取号:I565.44/JY70] 在馆    
唐山师范学院图书馆 欢迎您!
大连网信软件有限公司© 版权所有